000 00501nam a2200169 i 4500
001 28515
003 ES-MaACL
005 20230906153854.0
007 t|
008 030117s1974 cr ||||1| spa d
100 1 _aBaeza Flores, Alberto.
_924621
245 1 0 _aCuaderno del viajero /
_cAlberto Baeza Flores.
260 _a[San José de Costa Rica :
_bs.n.,
_c1974] (
_fImp. Borrasé)
300 _a23 p. ;
_c17 cm.
852 _aES-MaACL
_j2090-F-3
_bR.91202
852 _aES-MaACL
_j2090-F-10
_bR.91201
999 _c28515
_d28515